Parole de L'air du vent - Statistiques

Statistiques générales
  • Ce quiz a été pris 55 fois
    6 depuis la dernière actualisation
  • Le résultat moyen est 226 sur 301
Statistiques - réponses
Réponse % Correct
à
100%
a
100%
appartient
100%
au
100%
avoir
100%
c'
100%
ce
100%
coeur.
100%
coeur
100%
crois
100%
d'
100%
dans
100%
Dans
100%
de
100%
De
100%
en
100%
En
100%
entière.
100%
Es
100%
esprit
100%
est
100%
et
100%
Et
100%
étranger
100%
façon.
100%
fleurs.
100%
fond
100%
Homme
100%
homme
100%
il
100%
Il
100%
je
100%
Je
100%
l'
100%
L'
100%
la
100%
La
100%
100%
le
100%
Le
100%
les
100%
Les
100%
ma
100%
Mais
100%
marchant
100%
me
100%
Moi
100%
n'
100%
ne
100%
nom
100%
oiseau
100%
Ont
100%
ont
100%
pas
100%
pense
100%
porte
100%
Pour
100%
poussière.
100%
poussière
100%
qu'
100%
Que
100%
que
100%
questionnes.
100%
raison.
100%
ressemble
100%
s'
100%
sais
100%
ses
100%
sont
100%
suis
100%
sûre
100%
t'
100%
ta
100%
tapis
100%
te
100%
Terre
100%
terre
100%
toi,
100%
toi
100%
toute
100%
Tu
100%
tu
100%
un
100%
une
100%
vie
100%
vie.
100%
différence,
75%
emploies
75%
ignorante
75%
langage
75%
malveillance.
75%
mot
75%
nuages.
75%
parles
75%
pierre
75%
remplis
75%
sans
75%
sauvage.
75%
sauvage
75%
si
75%
tes
75%
ton
75%
yeux
75%
air
50%
amour ?
50%
chant
50%
chanter
50%
chat
50%
Comme
50%
Comprends
50%
couleur
50%
couleurs
50%
couleurs.
50%
dort.
50%
du
50%
Entends
50%
espoir
50%
fil
50%
fille
50%
haut
50%
jour?
50%
loup
50%
meurt
50%
mille
50%
montagne?
50%
montagne.
50%
peau.
50%
peindre
50%
petit
50%
Peux
50%
pleurs
50%
qui
50%
sycomore
50%
torrents
50%
vent
50%
vent?
50%
vent.
50%
aigle
25%
bas
25%
bonheur
25%
chansons
25%
Courons
25%
des
25%
esprits
25%
forêts
25%
fruits
25%
héron
25%
ici
25%
loutre
25%
lumière.
25%
mûrs
25%
mystères.
25%
nous
25%
offre
25%
or
25%
Partageons
25%
prix.
25%
rivières.
25%
royale
25%
trésors
25%
trône
25%
amis.
0%
besoin
0%
cercle
0%
Chantons
0%
comment.
0%
créatures
0%
ensemble
0%
ignore
0%
impériale.
0%
importe
0%
infini.
0%
jours.
0%
leur
0%
mes
0%
nature
0%
peut
0%
pouvoir
0%
pur.
0%
rêvant
0%
ronde
0%
tant
0%
tournons
0%
tous
0%
Aucun quiz correspondant
Distribution des résultats
% des personnes avec chaque résultat
Percentile par nombre de réponses
Votre historique - résultats
Vous n’avez pas pris ce quiz depuis la dernière actualisation